Three Biggest Cities in Each US State on a Map - Statistics

General Stats
  • This quiz has been taken 1,156 times
  • The average score is 105 of 150
Answers on the Map
Answers color-coded by a green-red scale on the quiz's map according to % correct below.
 
Answer Stats
State Population City % Correct
3 1,343,573 Dallas
97%
1 3,979,576 Los Angeles
97%
1 2,693,976 Chicago
96%
1 2,320,268 Houston
96%
2 467,963 Miami
96%
1 8,336,817 New York City
96%
1 1,680,992 Phoenix
96%
2 1,423,851 San Diego
96%
1 753,675 Seattle
96%
1 876,384 Indianapolis
95%
1 160,628 Jackson
95%
1 651,319 Las Vegas
95%
1 506,811 Atlanta
94%
1 692,600 Boston
94%
2 381,009 Cleveland
94%
1 727,211 Denver
94%
1 911,507 Jacksonville
94%
3 152,960 Kansas City
94%
1 495,327 Kansas City
94%
1 670,820 Nashville
94%
1 390,144 New Orleans
94%
1 655,057 Oklahoma City
94%
1 66,215 Portland
94%
1 654,741 Portland
94%
3 399,700 Tampa
94%
1 228,959 Boise
93%
3 195,769 Columbus
93%
1 898,553 Columbus
93%
1 670,031 Detroit
93%
1 429,606 Minneapolis
93%
1 1,584,064 Philadelphia
93%
1 200,567 Salt Lake City
93%
2 1,547,253 San Antonio
93%
2 651,073 Memphis
92%
1 560,513 Albuquerque
91%
2 255,284 Buffalo
91%
3 303,940 Cincinnati
91%
1 345,064 Honolulu
91%
1 590,157 Milwaukee
91%
1 288,000 Anchorage
90%
1 885,708 Charlotte
90%
1 593,490 Baltimore
89%
2 30,917 Juneau
89%
2 300,286 Pittsburgh
89%
2 300,576 Saint Louis
89%
2 220,236 Baton Rouge
88%
2 474,069 Raleigh
88%
3 1,021,795 San Jose
88%
2 548,073 Tucson
88%
1 214,237 Des Moines
87%
2 478,221 Colorado Springs
86%
1 197,312 Little Rock
86%
1 617,638 Louisville
86%
1 478,192 Omaha
86%
2 308,096 Saint Paul
86%
1 137,566 Charleston
85%
1 47,215 Charleston
85%
1 179,883 Providence
85%
3 255,601 Reno
85%
1 209,403 Birmingham
84%
2 401,190 Tulsa
84%
1 64,235 Cheyenne
83%
2 259,680 Madison
82%
3 198,525 Montgomery
82%
1 449,974 Virginia Beach
82%
2 289,102 Lincoln
81%
2 174,365 Salem
81%
1 389,938 Wichita
81%
2 197,888 Augusta
80%
3 33,515 Newark
80%
1 282,011 Newark
80%
3 31,974 Fairbanks
79%
1 183,793 Sioux Falls
79%
3 153,606 Springfield
79%
3 167,882 Springfield
79%
2 107,000 Columbia
78%
2 131,674 Columbia
78%
2 73,529 Bismarck
77%
1 124,662 Fargo
77%
3 118,935 Rochester
77%
3 205,695 Rochester
77%
2 222,081 Spokane
77%
1 109,577 Billings
76%
3 518,012 Mesa
73%
2 38,166 Dover
72%
2 201,013 Grand Rapids
72%
2 262,075 Jersey City
72%
3 187,603 Knoxville
72%
2 323,152 Lexington
72%
3 104,578 Green Bay
70%
3 379,289 Aurora
69%
2 197,757 Aurora
69%
3 172,622 Eugene
69%
3 296,710 Greensboro
68%
2 130,250 New Haven
68%
3 43,627 Concord
67%
3 217,827 Tacoma
67%
2 270,402 Fort Wayne
66%
1 70,166 Wilmington
65%
1 112,673 Manchester
64%
1 42,819 Burlington
63%
3 242,742 Norfolk
63%
2 200,574 Huntsville
62%
3 116,618 Provo
62%
1 144,399 Bridgeport
61%
2 320,189 Henderson
61%
3 187,112 Shreveport
61%
2 57,931 Casper
55%
2 133,562 Cedar Rapids
55%
2 185,428 Worcester
55%
3 87,590 Fayetteville
51%
2 103,432 Las Cruces
51%
3 121,442 Allentown
49%
3 32,262 Bangor
48%
2 75,516 Missoula
48%
2 244,835 Chesapeake
44%
3 117,979 Evansville
44%
2 77,503 Rapid City
44%
3 101,590 Davenport
43%
2 71,705 Gulfport
41%
2 195,494 Overland Park
41%
3 129,638 Stamford
41%
3 124,880 Norman
39%
3 55,839 Grand Forks
38%
3 148,449 Naperville
38%
3 70,543 Bowling Green
37%
3 58,434 Great Falls
37%
2 87,891 Fort Smith
36%
3 99,277 Nampa
35%
2 89,355 Nashua
35%
3 115,382 North Charleston
34%
2 114,161 Meridian
33%
2 135,248 West Valley City
33%
3 30,955 Morgantown
32%
3 47,698 Pearl City
32%
2 46,048 Huntington
31%
3 145,233 Paterson
31%
2 49,914 East Honolulu
30%
3 32,711 Laramie
30%
3 81,004 Warwick
30%
3 133,943 Warren
28%
3 99,178 Rio Rancho
27%
3 72,244 Frederick
26%
2 36,225 Lewiston
25%
2 19,509 South Burlington
25%
3 28,257 Aberdeen
22%
3 53,544 Bellevue
19%
2 81,456 Cranston
19%
3 55,780 Southaven
18%
3 15,074 Rutland
17%
No matching quizzes found
Score Distribution
Percent of People with Each Score
Percentile by Number Answered
Your Score History
You have not taken this quiz